000 00405nam a2200157Ia 4500
008 240729s9999 xx 000 0 und d
022 _a2379-5042
245 0 _amSphere
260 _aUnited States
260 _bAmerican Society for Microbiology
650 _a Microbiology
650 _aScience
856 _uhttps://doaj.org/toc/609ee8a74424490db7455d229bad0466
942 _2ddc
942 _cDOAJEJ
999 _c71200
_d71200
945 _a1
_bMadushi Gamage
_c1
_dMadushi Gamage